00457 a2200145 4500010001400000020002600014035001300040037001600053082001200069100001700081245011300098260004500211300003500256500002000291 aENG-88601 a9788120333826c350.00 aEN-72134 bDBAD / PUB14a658.4061 aClemmer, Jim1 aPathways to performance:cby Jim Clemmerba guide to transforming yourself, your team and your organization/ aNew DelhibPrentice-Hall of Indiac2008 axxx, 322p. :c23cm (pbk)bill. aIncludes index.